| 000 | 00525cab a22001935a 4500 | ||
|---|---|---|---|
| 001 | L157942 | ||
| 008 | 130731e2013 xxk 000 0 eng d | ||
| 035 | _a(Sirsi) u157942 | ||
| 041 | 0 | _aeng | |
| 100 | 1 | _aGardiner, Joey | |
| 245 | 0 | 0 | _aIt's gone manic |
| 260 | _c2013 | ||
| 490 |
_aBuilding _v(278) 19 July 2013, 20-22(3) |
||
| 520 | _aExamines the struggles of the supply chain to meet demand from the housing market | ||
| 590 | _aKA | ||
| 650 | 2 | 4 | _aCONSTRUCTION, HOUSING |
| 651 | 4 |
_aUnited Kingdom _y |
|
| 942 | _n0 | ||
| 999 |
_c84495 _d84495 |
||